000 01058nam a2200289Ia 4500
003 OSt
005 20221005111402.0
006 a|||||r|||| 00| 0
007 ta
008 221004b |||||||| |||| 00| 0 ben d
020 _a8181435044 (hbk)
_c200
024 _a17522
037 _b527, 21/03/2015, Vani Prakashan
_cTextual
040 _aCRL
_cCRL
_bben
041 _2ben
_aben
082 _aO157,3N26,23, 152P6
100 _aमहाश्वेता देवी
245 0 _aवान्टेड
246 _aVānṭeḍa
250 _a2 संस्करण
260 _aनई दिल्ली
_bवाणी प्रकाशन भारत
_c2007
300 _a111पृ0
_ccm.
650 _aबंगाली साहित्य
700 _a गुप्ता, सुशील, अनु.
942 _hO157,3N26,23, 152P6
_cTEXL
_2cc
999 _c1021680
_d1021680